<?xml version="1.0" encoding="UTF-8"?>
<record
    xmlns:xsi="http://www.w3.org/2001/XMLSchema-instance"
    xsi:schemaLocation="http://www.loc.gov/MARC21/slim http://www.loc.gov/standards/marcxml/schema/MARC21slim.xsd"
    xmlns="http://www.loc.gov/MARC21/slim">

  <leader>00677nam a22002057a 4500</leader>
  <controlfield tag="001">2971</controlfield>
  <controlfield tag="003">HMS</controlfield>
  <controlfield tag="005">20251119151256.0</controlfield>
  <controlfield tag="008">251119e2001    cl  |||frf||| 001 0 spa  </controlfield>
  <datafield tag="020" ind1=" " ind2=" ">
    <subfield code="a">9789561406476</subfield>
  </datafield>
  <datafield tag="040" ind1=" " ind2=" ">
    <subfield code="a">hms</subfield>
    <subfield code="b">spa</subfield>
    <subfield code="c">hms</subfield>
  </datafield>
  <datafield tag="050" ind1="0" ind2="4">
    <subfield code="a">WT39 M294</subfield>
  </datafield>
  <datafield tag="245" ind1="0" ind2="0">
    <subfield code="a">Manual de Geriatr&#xED;a y gerontolog&#xED;a / </subfield>
    <subfield code="c">Pedro Paulo Mar&#xED;n L., editor ; Homero Gac E. y Marcela Carrasco G., editores adjuntos]. </subfield>
    <subfield code="h">[libro]</subfield>
  </datafield>
  <datafield tag="250" ind1=" " ind2=" ">
    <subfield code="a">Primera edici&#xF3;n : Enero 2002</subfield>
  </datafield>
  <datafield tag="260" ind1=" " ind2=" ">
    <subfield code="a">Santiago de Chile :</subfield>
    <subfield code="b">Ediciones Universidad Cat&#xF3;lica de Chile,</subfield>
    <subfield code="c">2001</subfield>
  </datafield>
  <datafield tag="500" ind1=" " ind2=" ">
    <subfield code="a">Incluye &#xED;ndice</subfield>
  </datafield>
  <datafield tag="650" ind1=" " ind2="7">
    <subfield code="a">Gerontolog&#xED;a.</subfield>
    <subfield code="9">4806</subfield>
  </datafield>
  <datafield tag="650" ind1=" " ind2="7">
    <subfield code="a">Geriatr&#xED;a</subfield>
    <subfield code="9">4807</subfield>
  </datafield>
  <datafield tag="942" ind1=" " ind2=" ">
    <subfield code="2">lcc</subfield>
    <subfield code="c">COL. RES.</subfield>
    <subfield code="n">0</subfield>
  </datafield>
  <datafield tag="999" ind1=" " ind2=" ">
    <subfield code="c">2971</subfield>
    <subfield code="d">2971</subfield>
  </datafield>
  <datafield tag="952" ind1=" " ind2=" ">
    <subfield code="0">0</subfield>
    <subfield code="1">0</subfield>
    <subfield code="2">lcc</subfield>
    <subfield code="4">0</subfield>
    <subfield code="7">0</subfield>
    <subfield code="8">Col. Res.</subfield>
    <subfield code="a">BHMS</subfield>
    <subfield code="b">BHMS</subfield>
    <subfield code="c">Full Space</subfield>
    <subfield code="d">2025-11-19</subfield>
    <subfield code="e">Donaci&#xF3;n</subfield>
    <subfield code="i">001495</subfield>
    <subfield code="l">0</subfield>
    <subfield code="o">WT39 M294 1&#xAA;ed 2001</subfield>
    <subfield code="p">001495</subfield>
    <subfield code="r">2025-11-19 10:30:00</subfield>
    <subfield code="t">c.1</subfield>
    <subfield code="w">2025-11-19</subfield>
    <subfield code="y">COL. RES.</subfield>
  </datafield>
</record>
